000 00649nam a2200205 i 4500
001 28030
003 ES-MaACL
005 20230906153741.0
007 t|
008 030116s1973 sp ||||1| spa d
100 1 _aBandet, Jeanne.
_925179
245 1 0 _aCómo enseñar a través del juego /
_cJeanne Bandet, Madeleine Abbadie ; [traducción por Nuria Vidal].
250 _a[1ª ed.].
260 _aBarcelona :
_bFontanella :
_bFerrer Coll,
_c1973.
300 _a242 p., 2 lám. :
_bil. ;
_c19 cm.
700 1 _aAbbadie, Madeleine,
_917996
700 1 _aVidal, Nuria.
_9114451
852 _aES-MaACL
_jC-53052
_bR.85467
999 _c28030
_d28030